England Rugby - Every Player who started a World Cup Final - Statistics

General Stats
  • This quiz has been taken 291 times
    269 since last reset
  • The average score is 32 of 56
Answer Stats
Hint Answer % Correct
2003 10 Jonny Wilkinson
94%
2003 14 Jason Robinson
91%
2003 4 Martin Johnson
91%
2019 12 Owen Farrell
86%
2003 9 Matt Dawson
82%
2019 9 Ben Youngs
79%
2019 10 George Ford
77%
2003 12 Mike Tindall
77%
2003 13 Will Greenwood
77%
2003 8 Lawrence Dallaglio
76%
2019 4 Maro Itoje
76%
2019 8 Billy Vunipola
75%
2019 1 Mako Vunipola
75%
1991 9 Richard Hill
74%
2003 6 Richard Hill
74%
2003 11 Ben Cohen
73%
2019 11 Johnny May
73%
2019 6 Tom Curry
71%
2003 15 Josh Lewsey
70%
2003 7 Neil Back
70%
1991 11 Rory Underwood
70%
2003 2 Steve Thompson
70%
2003 3 Phil Vickery
69%
2019 2 Jamie George
68%
2003 5 Ben Kay
67%
2019 14 Anthony Watson
66%
2019 13 Manu Tuilagi
66%
1991 12 Jeremy Guscott
64%
2019 3 Kyle Sinckler
64%
2019 5 Courtney Lawes
63%
1991 1 Jason Leonard
63%
1991 13 Will Carling
63%
2019 15 Elliot Daly
62%
2019 7 Sam Underhill
62%
1991 10 Rob Andrew
52%
1991 2 Brian Moore
51%
2003 1 Trevor Woodman
48%
2007 12 Mike Catt
46%
2007 11 Mark Cueto
43%
1991 4 Wade Dooley
36%
2007 7 Lewis Moody
35%
2007 1 Andy Sheridan
34%
2007 8 Nick Easter
34%
2007 4 Simon Shaw
34%
2007 13 Mathew Tait
29%
1991 3 Jeff Probyn
28%
1991 6 Mick Skinner
28%
1991 15 Jonathan Webb
27%
1991 5 Paul Ackford
27%
2007 6 Martin Corry
26%
1991 8 Mike Teague
26%
2007 2 Mark Regan
25%
2007 9 Andy Gomarsall
21%
2007 14 Paul Sackey
18%
1991 14 Simon Halliday
12%
1991 7 Peter Winterbottom
5%
No matching quizzes found
Score Distribution
Percent of People with Each Score
Percentile by Number Answered
Your Score History
You have not taken this quiz since the last reset